000 00527nam a2200157 i 4500
001 29172
003 ES-MaACL
007 t|
008 030121s1936 sp ||||1| spa d
100 1 _aBardey, E.
_925587
245 1 0 _aProblemas de aritmética y algebra /
_cpor E. Bardey ; traducción de la 19 edición alemana por Roberto Dublang.
260 _aBarcelona :
_bLabor,
_c1936 (
_fImp. Elzeviviana y Librería Camí)
300 _a447 p. ;
_c23 cm.
700 1 _aDublang, Roberto.
_945757
852 _aES-MaACL
_jB-9558
_bR.19283
999 _c29172
_d29172